Current legal sociology : a periodical publication of abstracts and bibliography in law and society /

Publicación periódica con resúmenes y bibliografía de sociología jurídica.

Guardado en:
書目詳細資料
格式: 圖書
語言:英语
出版: Euskadi, España : Antigua Universidad de Oñati, Instituto Internacional de Sociología Jurídica, 1997, c1997
叢編:(Current Legal Sociology ; 16)
主題:
標簽: 添加標簽
沒有標簽, 成為第一個標記此記錄!

MARC

LEADER 00000nam^a2200000^a^4500
001 000063527
005 20250521000000.0
009 20260310091029.085
037 |a Acervo ITESO - Biblioteca 
041 |a ING 
082 |a 340. 115  |b CUR V. 16 
245 1 0 |a Current legal sociology :  |b a periodical publication of abstracts and bibliography in law and society /  |c Oñati International Institute for the Sociology of Law. 
264 4 |a Euskadi, España :  |b Antigua Universidad de Oñati, Instituto Internacional de Sociología Jurídica,  |c 1997, c1997 
300 |a 223 p. 
336 |a texto  |b txt  |2 rdacontenido 
337 |a sin mediación  |b n  |2 rdamedio 
338 |a volumen  |b nc  |2 rdasoporte 
440 1 |a (Current Legal Sociology ;  |v 16) 
520 |a Publicación periódica con resúmenes y bibliografía de sociología jurídica. 
649 |a XX 
650 |a Sociología del Derecho 
650 |a Derecho -  |x Bibliografías 
650 |a Publicaciones Periódicas Españolas 
910 |a Fondo General 
920 |a Impresos - Libros 
930 |a Colección General 
905 |a 101 
901 |a 0500017300  |b IT1  |c ACC  |u 20250521 
902 |a https://opac.biblio.iteso.mx/vufind/Record/000063527